Songs on the South Bank

Bibliographic Details
Main Author: Ashley, Chris
Other Authors: Dillow, John (illustrated)
Format: Book
Published: Great Britain : Julia MacRae Books , 1989
Series:Redwing Books
Subjects:

MARC

LEADER 00000cam a2200000 7i4500
001 0000003879
002 000004180
005 20000330.0
020 |a 0862034191 
090 0 0 |a JF   |b ASH 
100 1 |a Ashley, Chris 
245 1 0 |a Songs on the South Bank   |c Chris Ashley ; illustrated by John Dillow 
260 |a Great Britain :   |b Julia MacRae Books ,   |c 1989 
300 |a 60p. :   |b ill. ;   |c 20cm. 
490 0 |a Redwing Books 
650 0 0 |a Children's stories 
700 1 |a Dillow, John ,   |e illustrated 
999 |a 032611   |b BUKU   |c JUNIOR FICTION   |e PERPUSTAKAAN KOMUNITI PETALING JAYA